00168 a2200073 450000100060000010000140000624500390002026000350005939777 aSarao AS aElements of mechanical Engineering aNew DelhibSatye Parkashc1992